000 00494nam a2200169Ia 4500
999 _c19574
_d19574
003 OSt
005 20200608130402.0
008 190216s9999||||xx |||||||||||||| ||und||
020 _a0706908872
040 _coclc
082 _a342.42
_bMAT/C
100 _aMaitland, F W
_92626
245 4 _aThe Constitutional History Of England /
_cF W Maitland
260 _bVikas Publications,
_c1977.
_aNew Delhi:
300 _a548p
942 _cBK
_2ddc
_h342.42
_iMAT/C
_k342.42
_mMAT/C